The state and educational change : essays in the history of education and pedagogy

Αποθηκεύτηκε σε:
Λεπτομέρειες βιβλιογραφικής εγγραφής
Κύριος συγγραφέας: Simon, Brian
Μορφή: Βιβλίο
Γλώσσα:English
Δημοσίευση: London : Lawrence & Wishart, 1994
Θέματα:
Ετικέτες: Προσθήκη ετικέτας
Δεν υπάρχουν, Καταχωρήστε ετικέτα πρώτοι!

MARC

LEADER 00000nam a2200000 i 4500
001 1/94961
008 991201s1994 eng d
020 |a 0-85315-806-1 
035 |l 10055076 
040 |a GR-MY-UA  |b gre  |e aacr 
041 0 |a eng 
082 0 |a 379.41 
100 1 |a Simon, Brian. 
245 1 4 |a The state and educational change :  |b essays in the history of education and pedagogy /  |c Brian Simon 
260 |a London :   |b Lawrence & Wishart,   |c 1994 
300 |a 199 p. 
650 0 0 |a Education and state  |z Great Britain  |x History. 
650 0 0 |a Education and state  |z Great Britain  |x History  |y 19th century. 
650 0 0 |a Higher education and state  |z Great Britain  |x History. 
650 0 0 |a Educational change  |z Great Britain  |x History. 
650 0 0 |a Education  |x Social aspects  |z Great Britain  |x History. 
852 |a INST  |b RHODES  |e 19991201  |h 379.41 SIM  |p 005400012867  |q 005400012867  |t BK  |y 0 
901 |a BIBL4-1999-3 
909 |a Ρ  |b 070003 
922 |a 4ΕΛΗ  |b 199909  |c ΚΠΣ/154  |d GLORY BOOKS 
970 |a ΚΟΥΛΑΚΙΟΤΗ  |b ΛΙΤΣΑ  |z 1999/12/01